[Event "SSOBZ Cup Team 12th"]
[Site "Valpovo"]
[Date "2019.02.17"]
[Round "4.4"]
[White "Buric, Danijel"]
[Black "Roklicer, Heike"]
[Result "1/2-1/2"]
[WhiteElo "2179"]
[BlackElo "2042"]
[PlyCount "46"]
[EventDate "2019.02.15"]
[EventType "team-swiss"]
[EventRounds "5"]
[EventCountry "CRO"]
[SourceTitle "CBM 189 Extra"]
[Source "ChessBase"]
[SourceDate "2019.06.03"]
[SourceVersion "1"]
[SourceVersionDate "2019.06.03"]
[SourceQuality "1"]
[WhiteTeam "Belisce"]
[BlackTeam "Donji Miholjac"]
[WhiteTeamCountry "CRO"]
[BlackTeamCountry "CRO"]

1. d4 d5 2. c4 c6 3. cxd5 cxd5 4. Nc3 Nc6 5. Nf3 Nf6 6. Bf4 Nh5 7. Bg5 h6 8. Bc1 Nf6 9. Qb3 e6 10. e3 a6 11. Bd2 Bd6 12. Rc1 0-0 13. Bd3 Na5 14. Qd1 b5 15. e4 dxe4 16. Nxe4 Nxe4 17. Bxe4 Bb7 18. Bxb7 Nxb7 19. 0-0 Rc8 20. Qe2 Qd7 21. a4 Rfd8 22. Rfd1 Bb8 23. axb5 axb5 1/2-1/2

[Event "Osijek-Baranja CupT 11th"]
[Site "Nasice"]
[Date "2018.02.18"]
[Round "5.1"]
[White "Buric, Danijel"]
[Black "Miletic, Josip"]
[Result "1-0"]
[WhiteElo "2157"]
[BlackElo "2162"]
[PlyCount "127"]
[EventDate "2018.02.16"]
[EventType "team-swiss"]
[EventRounds "5"]
[EventCountry "CRO"]
[SourceTitle "EXT 2023"]
[Source "ChessBase"]
[SourceDate "2022.10.05"]
[SourceVersion "1"]
[SourceVersionDate "2022.10.05"]
[SourceQuality "1"]
[WhiteTeam "Belisce"]
[BlackTeam "Nasice Slavonac"]
[WhiteTeamCountry "CRO"]
[BlackTeamCountry "CRO"]

1. d4 d6 2. Nc3 g6 3. Bg5 Bg7 4. Qd2 Nd7 5. e4 c5 6. Nf3 cxd4 7. Nxd4 h6 8. Be3 Ngf6 9. f3 a6 10. Bc4 b5 11. Bb3 Bb7 12. a4 b4 13. Nd1 a5 14. Bc4 Ne5 15. Bb5+ Kf8 16. Nb3 Qc7 17. Qf2 Nc4 18. Bxc4 Qxc4 19. Bb6 Nd7 20. Bxa5 Nc5 21. Qd2 Ba6 22. Bxb4 Nxb3 23. cxb3 Qxb3 24. Bc3 Rc8 25. Ra3 Qe6 26. Kf2 f5 27. Re1 Rc4 28. Ne3 Bxc3 29. Rxc3 Rxa4 30. exf5 Qe5 31. Nf1 Qxf5 32. Qe3 Qf6 33. Kg1 Ra2 34. Ra3 Rxa3 35. bxa3 Kf7 36. Ng3 d5 37. Qc5 Bc4 38. Ne4 Qf4 39. g3 Qe5 40. f4 Qf5 41. Ng5+ Kg8 42. Qxe7 Qf8 43. Qe6+ Kg7 44. Qd7+ Kg8 45. Re8 hxg5 46. Rxf8+ Kxf8 47. Qd8+ Kg7 48. Qe7+ Kg8 49. Qxg5 Kf7 50. f5 Rg8 51. a4 d4 52. fxg6+ Rxg6 53. Qf4+ Ke8 54. Qxd4 Be6 55. Qe5 Kf7 56. h4 Rf6 57. a5 Rf5 58. Qc7+ Kf6 59. a6 Rd5 60. a7 Rd1+ 61. Kf2 Rd2+ 62. Ke3 Ra2 63. Qb7 Ra3+ 64. Kd2 1-0

[Event "CRO-chT2 East"]
[Site "Osijek"]
[Date "2010.04.24"]
[Round "5.53"]
[White "Buric, Danijel"]
[Black "Lovric, Darko"]
[Result "1-0"]
[WhiteElo "2174"]
[BlackElo "2054"]
[PlyCount "59"]
[EventDate "2010.04.17"]
[EventType "team-tourn"]
[EventRounds "11"]
[EventCountry "CRO"]
[SourceTitle "EXT 2012"]
[Source "ChessBase"]
[SourceDate "2011.11.24"]
[SourceVersion "1"]
[SourceVersionDate "2011.11.24"]
[SourceQuality "1"]

1. d4 d5 2. c4 e6 3. Nc3 c6 4. e3 Nf6 5. Nf3 Bb4 6. Bd2 0-0 7. Bd3 Re8 8. Ne5 Nbd7 9. f4 Bxc3 10. Bxc3 Ne4 11. Bxe4 dxe4 12. Qh5 Qe7 13. 0-0-0 f6 14. Bb4 c5 15. dxc5 fxe5 16. c6 Nc5 17. Bxc5 Qf7 18. Qxe5 bxc6 19. g4 a5 20. Rd6 Ba6 21. Rhd1 Bxc4 22. Rd7 Qf6 23. Bd4 Qxe5 24. Bxe5 Bd5 25. Rxg7+ Kf8 26. Rxh7 a4 27. a3 Ra5 28. g5 Rc5+ 29. Kb1 Rd8 30. Rh8+ 1-0

[Event "CRO-chT2 East"]
[Site "Osijek"]
[Date "2010.04.17"]
[Round "1.64"]
[White "Buric, Danijel"]
[Black "Aleksic, Robert"]
[Result "1/2-1/2"]
[WhiteElo "2174"]
[BlackElo "2217"]
[PlyCount "64"]
[EventDate "2010.04.17"]
[EventType "team-tourn"]
[EventRounds "11"]
[EventCountry "CRO"]
[SourceTitle "EXT 2012"]
[Source "ChessBase"]
[SourceDate "2011.11.24"]
[SourceVersion "1"]
[SourceVersionDate "2011.11.24"]
[SourceQuality "1"]

1. d4 d6 2. c4 Nd7 3. Nc3 e5 4. e3 Ngf6 5. Bd3 Be7 6. Nge2 c6 7. 0-0 0-0 8. b3 Re8 9. Bb2 Bf8 10. Ng3 Nb6 11. dxe5 dxe5 12. Qc2 Qc7 13. Rfd1 Be6 14. Bf5 g6 15. Bxe6 Rxe6 16. Rd2 Rd8 17. Rad1 Rxd2 18. Rxd2 Nbd7 19. Qd1 Rd6 20. Nce4 Nxe4 21. Nxe4 Rxd2 22. Qxd2 Be7 23. g4 Nc5 24. Nxc5 Bxc5 25. Qc3 f6 26. g5 fxg5 27. Qxe5 Qxe5 28. Bxe5 Be7 29. Bb8 a6 30. Kg2 Kf7 31. Kf3 Ke6 32. Ke4 Bf6 1/2-1/2

[Event "CRO-chT2c"]
[Site "Croatia"]
[Date "2009.11.08"]
[Round "10"]
[White "Buric, Danijel"]
[Black "Licina, Zoran"]
[Result "0-1"]
[WhiteElo "2187"]
[BlackElo "2219"]
[PlyCount "68"]
[EventDate "2009.04.04"]
[EventType "team-tourn"]
[EventRounds "11"]
[EventCountry "CRO"]
[SourceTitle "EXT 2011"]
[Source "ChessBase"]
[SourceDate "2010.11.26"]
[SourceVersion "1"]
[SourceVersionDate "2010.11.26"]
[SourceQuality "1"]

1. d4 Nf6 2. c4 g6 3. Nc3 d5 4. cxd5 Nxd5 5. e4 Nxc3 6. bxc3 Bg7 7. Rb1 0-0 8. Nf3 Nc6 9. h3 b6 10. d5 Bxc3+ 11. Bd2 Bxd2+ 12. Qxd2 Na5 13. h4 f6 14. h5 g5 15. Nxg5 fxg5 16. Qxg5+ Kf7 17. Rh4 e5 18. dxe6+ Kxe6 19. Qg4+ Ke7 20. Qg3 Qd6 21. e5 Qe6 22. Rd1 Rg8 23. Qc3 c5 24. Rd6 Qxa2 25. Qf3 Rf8 26. Qg3 Qg8 27. Qd3 Bf5 28. Qd2 Rad8 29. Rf4 Qg7 30. Rxf5 Rxf5 31. Rxd8 Qxe5+ 32. Be2 Qc7 33. Bg4 Re5+ 34. Kf1 Qxd8 0-1

[Event "CRO-chT2c"]
[Site "Croatia"]
[Date "2009.05.03"]
[Round "6"]
[White "Buric, Danijel"]
[Black "Radulovic, Bojan"]
[Result "0-1"]
[WhiteElo "2208"]
[BlackElo "2281"]
[PlyCount "170"]
[EventDate "2009.04.04"]
[EventType "team-tourn"]
[EventRounds "11"]
[EventCountry "CRO"]
[SourceTitle "EXT 2010"]
[Source "ChessBase"]
[SourceDate "2010.11.25"]
[SourceVersion "1"]
[SourceVersionDate "2010.11.25"]
[SourceQuality "1"]

1. d4 Nf6 2. c4 e6 3. a3 d5 4. Nc3 Be7 5. e3 0-0 6. Nf3 b6 7. Bd3 c5 8. 0-0 Bb7 9. b3 Ne4 10. Bb2 f5 11. cxd5 exd5 12. Na4 Nd7 13. Ne5 Nxe5 14. dxe5 Ng5 15. Qc2 g6 16. f4 Ne6 17. Rad1 Qe8 18. Be2 Rd8 19. g4 Ng7 20. g5 Ne6 21. Bf3 Rd7 22. Nc3 Qa8 23. Qg2 d4 24. Ne2 Bxf3 25. Qxf3 Qxf3 26. Rxf3 d3 27. Nc3 b5 28. Nb1 c4 29. b4 a5 30. bxa5 Nc5 31. Bd4 Nb3 32. Bb6 b4 33. axb4 Bxb4 34. a6 c3 35. Nxc3 Bxc3 36. a7 Ba5 37. e6 Re7 38. Bxa5 Nxa5 39. Rxd3 Rxa7 40. Rf2 Re7 41. Ra2 Nc6 42. Rd6 Nd8 43. Rd7 Rxd7 44. exd7 Rf7 45. Rd2 Re7 46. Kf2 Kf7 47. Kf3 Re6 48. h4 Ke7 49. h5 Nb7 50. hxg6 hxg6 51. Rh2 Kxd7 52. Rh7+ Kc6 53. Rg7 Nc5 54. Ke2 Ne4 55. Rg8 Nc3+ 56. Kd3 Nd5 57. Rc8+ Kd7 58. Ra8 Nxe3 59. Ra7+ Kc8 60. Ra8+ Kb7 61. Ra4 Nd5 62. Rd4 Kc6 63. Rc4+ Kd6 64. Ra4 Re3+ 65. Kd2 Re6 66. Kd3 Nb6 67. Ra6 Kc5 68. Ra7 Rd6+ 69. Ke3 Nc4+ 70. Kf3 Kd4 71. Rf7 Re6 72. Rd7+ Nd6 73. Ra7 Re3+ 74. Kg2 Re6 75. Kf3 Nc4 76. Rd7+ Rd6 77. Ra7 Kd3 78. Ra1 Re6 79. Ra8 Re3+ 80. Kf2 Re2+ 81. Kg3 Re6 82. Rd8+ Ke2 83. Ra8 Nd2 84. Ra2 Rc6 85. Ra3 Rc3+ 0-1

[Event "Bizovac Metalis op 16th"]
[Site "Bizovac"]
[Date "2009.02.20"]
[Round "4"]
[White "Buric, Danijel"]
[Black "Medak, Bojan"]
[Result "0-1"]
[WhiteElo "2208"]
[BlackElo "2355"]
[PlyCount "38"]
[EventDate "2009.02.19"]
[EventType "swiss"]
[EventRounds "7"]
[EventCountry "CRO"]
[SourceTitle "CBM 128 Extra"]
[Source "ChessBase"]
[SourceDate "2009.03.05"]
[SourceVersion "2"]
[SourceVersionDate "2009.03.25"]
[SourceQuality "1"]

1. d4 d6 2. e4 Nf6 3. Nc3 g6 4. g3 Nc6 5. Bg2 Bg7 6. h3 e5 7. Nge2 exd4 8. Nxd4 Nxd4 9. Qxd4 0-0 10. Bg5 h6 11. Bd2 Nxe4 12. Qxe4 Re8 13. 0-0-0 Rxe4 14. Bxe4 c6 15. f4 d5 16. Bd3 c5 17. Be2 Be6 18. g4 d4 19. Ne4 Qd5 0-1

[Event "Bizovac Metalis op 15th"]
[Site "Bizovac"]
[Date "2008.02.24"]
[Round "7"]
[White "Buric, Danijel"]
[Black "Fiskus, Zeljko"]
[Result "1-0"]
[WhiteElo "2209"]
[BlackElo "1964"]
[PlyCount "49"]
[EventDate "2008.02.21"]
[EventType "swiss"]
[EventRounds "7"]
[EventCountry "CRO"]
[SourceTitle "CBM 122 Extra"]
[Source "ChessBase"]
[SourceDate "2008.03.04"]
[SourceVersion "1"]
[SourceVersionDate "2008.03.04"]
[SourceQuality "1"]

1. d4 Nf6 2. c4 e6 3. Nf3 Bb4+ 4. Nbd2 Ne4 5. a3 Bxd2+ 6. Nxd2 d5 7. Nxe4 dxe4 8. Bf4 0-0 9. e3 c6 10. f3 exf3 11. Qxf3 Nd7 12. Bd6 Re8 13. Bd3 e5 14. 0-0 Qf6 15. Qh5 g6 16. Rxf6 gxh5 17. Rh6 e4 18. Be2 Re6 19. Rxe6 fxe6 20. Rf1 b6 21. Bxh5 Kg7 22. Rf2 Kg8 23. g4 a5 24. g5 b5 25. c5 1-0

[Event "Bizovac Metalis op 15th"]
[Site "Bizovac"]
[Date "2008.02.23"]
[Round "5"]
[White "Buric, Danijel"]
[Black "Orak, Ljubomir"]
[Result "0-1"]
[WhiteElo "2209"]
[BlackElo "2325"]
[PlyCount "78"]
[EventDate "2008.02.21"]
[EventType "swiss"]
[EventRounds "7"]
[EventCountry "CRO"]
[SourceTitle "CBM 122 Extra"]
[Source "ChessBase"]
[SourceDate "2008.03.04"]
[SourceVersion "1"]
[SourceVersionDate "2008.03.04"]
[SourceQuality "1"]

1. d4 Nf6 2. c4 g6 3. Nf3 Bg7 4. Nc3 0-0 5. e4 d6 6. h3 Na6 7. Bg5 Qe8 8. Be2 e5 9. dxe5 dxe5 10. Qc2 c6 11. 0-0 Nd7 12. Rfd1 f5 13. Ne1 Ndc5 14. Rd8 Qf7 15. Rxf8+ Qxf8 16. f3 Ne6 17. Bh4 Nd4 18. Qd1 Nc7 19. Nc2 Nce6 20. Bd3 Nxc2 21. Qxc2 Nd4 22. Qa4 Be6 23. Rf1 f4 24. Ne2 a6 25. Nxd4 exd4 26. Qa5 Qf7 27. Rc1 Rc8 28. Qc5 Qc7 29. e5 b6 30. Qd6 Qxd6 31. exd6 Bf8 32. c5 bxc5 33. Bxa6 Ra8 34. Bc4 Bxc4 35. d7 Bxa2 36. Ra1 d3 37. Rxa2 d2 38. Rxa8 d1Q+ 39. Kh2 Qxd7 0-1

[Event "Bizovac Metalis op 09th"]
[Site "Bizovac"]
[Date "2002.02.23"]
[Round "5"]
[White "Buric, Danijel"]
[Black "Rogulj, Branko"]
[Result "0-1"]
[WhiteElo "2235"]
[BlackElo "2452"]
[PlyCount "56"]
[EventDate "2002.02.21"]
[EventType "swiss"]
[EventRounds "7"]
[EventCountry "CRO"]
[SourceTitle "CBM 086 Extra"]
[Source "ChessBase"]
[SourceDate "2002.03.14"]
[SourceVersion "1"]
[SourceVersionDate "2002.03.14"]
[SourceQuality "1"]

1. Nf3 Nf6 2. g3 g6 3. b3 Bg7 4. Bb2 c5 5. d4 Ne4 6. Bg2 Qa5+ 7. c3 cxd4 8. Nxd4 d5 9. 0-0 0-0 10. c4 Nf6 11. Nb5 dxc4 12. bxc4 Nc6 13. Nd2 Rd8 14. Bc3 Qb6 15. Rb1 Bf5 16. Qa4 Bxb1 17. Rxb1 Qc5 18. Nb3 Qf5 19. e4 Nxe4 20. Bxe4 Qxe4 21. Re1 Qc2 22. Bxg7 Kxg7 23. Nc7 Rd1 24. Rxd1 Qxd1+ 25. Kg2 Rd8 26. Nd5 Ne5 27. Qa5 Qf3+ 28. Kg1 b6 0-1

[Event "Bizovac Metalis op 09th"]
[Site "Bizovac"]
[Date "2002.02.21"]
[Round "2"]
[White "Sax, Gyula"]
[Black "Buric, Danijel"]
[Result "1-0"]
[WhiteElo "2584"]
[BlackElo "2235"]
[PlyCount "47"]
[EventDate "2002.02.21"]
[EventType "swiss"]
[EventRounds "7"]
[EventCountry "CRO"]
[SourceTitle "CBM 086 Extra"]
[Source "ChessBase"]
[SourceDate "2002.03.14"]
[SourceVersion "1"]
[SourceVersionDate "2002.03.14"]
[SourceQuality "1"]

1. e4 Nf6 2. e5 Nd5 3. d4 d6 4. Bc4 c6 5. Nf3 Bg4 6. exd6 Qxd6 7. 0-0 Nd7 8. h3 Bh5 9. Nbd2 N7f6 10. Re1 e6 11. Bf1 Nb6 12. a4 a5 13. c3 Be7 14. g4 Bg6 15. Ne5 Bd8 16. h4 h5 17. Nxg6 fxg6 18. Ne4 Nxe4 19. Rxe4 Rf8 20. Qe2 Kd7 21. c4 Bxh4 22. f4 Nxc4 23. Qxc4 Bg3 24. Qb3 1-0

[Event "Bizovac Metalis op 08th"]
[Site "Bizovac"]
[Date "2001.02.23"]
[Round "3"]
[White "Rogulj, Branko"]
[Black "Buric, Danijel"]
[Result "1-0"]
[WhiteElo "2437"]
[BlackElo "2241"]
[PlyCount "43"]
[EventDate "2001.02.22"]
[EventType "swiss"]
[EventRounds "7"]
[EventCountry "CRO"]
[SourceTitle "CBM 080 Extra"]
[Source "ChessBase"]
[SourceDate "2001.03.08"]
[SourceVersion "1"]
[SourceVersionDate "2001.03.08"]
[SourceQuality "1"]

1. e4 Nc6 2. Nf3 d6 3. d4 Bg4 4. Be3 Nf6 5. Nc3 e6 6. h3 Bh5 7. Bb5 Nd7 8. d5 Bxf3 9. Qxf3 Nce5 10. Qg3 c6 11. dxe6 fxe6 12. Be2 b5 13. 0-0 Nf6 14. f4 Nc4 15. Bxc4 bxc4 16. e5 Nd5 17. exd6 Qf6 18. Bc5 Qf5 19. Nxd5 cxd5 20. Qa3 Rd8 21. Rae1 Rd7 22. Qa4 1-0

[Event "Bizovac Metalis op 07th"]
[Site "Bizovac"]
[Date "2000.02.25"]
[Round "4"]
[White "Dizdarevic, Emir"]
[Black "Buric, Danijel"]
[Result "1/2-1/2"]
[WhiteElo "2520"]
[BlackElo "2220"]
[PlyCount "48"]
[EventDate "2000.02.24"]
[EventType "swiss"]
[EventRounds "7"]
[EventCountry "CRO"]
[SourceTitle "EXT 2001"]
[Source "ChessBase"]
[SourceDate "2000.11.22"]
[SourceVersion "1"]
[SourceVersionDate "2000.11.22"]
[SourceQuality "1"]

1. Nf3 f5 2. c4 g6 3. Nc3 Bg7 4. e4 Bxc3 5. dxc3 fxe4 6. Ng5 Nf6 7. h4 h6 8. Nxe4 Nxe4 9. Qg4 Nd6 10. Qxg6+ Nf7 11. Bxh6 c5 12. Bg7 Qb6 13. Qxb6 axb6 14. h5 d6 15. Bd3 Ne5 16. Be4 Rg8 17. h6 Kf7 18. h7 Kxg7 19. hxg8Q+ Kxg8 20. b3 Nbd7 21. a4 Nf6 22. Bc2 Bd7 23. Ke2 Kf7 24. f3 Rg8 1/2-1/2

[Event "Pecs Suto op"]
[Site "Pecs"]
[Date "1997.??.??"]
[Round "?"]
[White "Szabo, Zsolt Jozsef"]
[Black "Buric, Danijel"]
[Result "1-0"]
[WhiteElo "2355"]
[BlackElo "2230"]
[PlyCount "93"]
[EventDate "1997.??.??"]
[EventType "swiss"]
[EventRounds "9"]
[EventCountry "HUN"]
[SourceTitle "EXT 2004"]
[Source "ChessBase"]
[SourceDate "2003.11.25"]
[SourceVersion "1"]
[SourceVersionDate "2003.11.25"]
[SourceQuality "1"]

1. e4 Nc6 2. Nc3 d6 3. d4 Nf6 4. d5 Ne5 5. f4 Ng6 6. Nf3 c6 7. Be2 cxd5 8. exd5 e5 9. dxe6 fxe6 10. 0-0 Be7 11. Bd3 Qb6+ 12. Kh1 Ng4 13. Qe2 0-0 14. Bxg6 hxg6 15. Ng5 Nf2+ 16. Rxf2 Bxg5 17. Ne4 Be7 18. c3 d5 19. Be3 Qc7 20. Nd2 b5 21. Qd3 Bf6 22. Nf3 b4 23. cxb4 Rb8 24. Rc1 Qd6 25. a3 a5 26. Rfc2 Ba6 27. Qxg6 Rfc8 28. Rxc8+ Rxc8 29. Rxc8+ Bxc8 30. bxa5 Bb7 31. Bd4 Qxf4 32. Bxf6 Qxf6 33. Qxf6 gxf6 34. b4 e5 35. b5 d4 36. a6 Bc8 37. Kg1 Kf7 38. Kf2 Ke6 39. Ke2 Kd5 40. h4 Kc5 41. h5 Kb6 42. h6 Bf5 43. a4 Be4 44. g4 Bh7 45. a5+ Ka7 46. Kd2 Bb1 47. g5 1-0

[Event "Pecs op"]
[Site "Pecs"]
[Date "1996.??.??"]
[Round "7"]
[White "Buric, Danijel"]
[Black "Szabo, Zsolt"]
[Result "1/2-1/2"]
[WhiteElo "2260"]
[BlackElo "2370"]
[PlyCount "25"]
[EventDate "1996.??.??"]
[EventType "swiss"]
[EventRounds "9"]
[EventCountry "HUN"]
[SourceTitle "EXT 2004"]
[Source "ChessBase"]
[SourceDate "2003.11.25"]
[SourceVersion "1"]
[SourceVersionDate "2003.11.25"]
[SourceQuality "1"]

1. d4 d5 2. c4 e6 3. g3 Nf6 4. Bg2 Bb4+ 5. Bd2 Be7 6. Nc3 0-0 7. Qb3 c6 8. Nf3 Nbd7 9. 0-0 b6 10. Qa4 Bb7 11. cxd5 cxd5 12. Rac1 a6 13. Bf4 1/2-1/2

[Event "CRO-chT2"]
[Site "Tucepi"]
[Date "1996.??.??"]
[Round "?"]
[White "Novak, Danijel"]
[Black "Buric, Danijel"]
[Result "1/2-1/2"]
[WhiteElo "2315"]
[BlackElo "2260"]
[PlyCount "73"]
[EventDate "1996.??.??"]
[EventType "team"]
[EventRounds "9"]
[EventCountry "CRO"]
[SourceTitle "EXT 1998"]
[Source "ChessBase"]
[SourceDate "1997.11.17"]
[SourceVersion "1"]
[SourceVersionDate "1997.11.17"]
[SourceQuality "1"]

1. e4 Nf6 2. e5 Nd5 3. d4 d6 4. c4 Nb6 5. f4 dxe5 6. fxe5 c5 7. d5 e6 8. Nc3 exd5 9. cxd5 c4 10. Nf3 Bg4 11. Bf4 Bb4 12. Bxc4 Nxc4 13. Qa4+ Nc6 14. 0-0-0 Bxc3 15. Qxc4 Na5 16. Qd3 Bxb2+ 17. Kxb2 Rc8 18. Rc1 Qb6+ 19. Ka1 0-0 20. Be3 Qb4 21. Bd2 Qa4 22. Bxa5 Bxf3 23. gxf3 Qxa5 24. f4 Qb4 25. f5 Qf4 26. Rce1 Rc4 27. Rhf1 Qh4 28. d6 Rd4 29. Qg3 Qxg3 30. hxg3 f6 31. Rd1 fxe5 32. Rxd4 exd4 33. Rf4 Kf7 34. Rxd4 Ke8 35. Re4+ Kd7 36. Re7+ Kxd6 37. Rxg7 1/2-1/2

[Event "Pecs op"]
[Site "Pecs"]
[Date "1996.??.??"]
[Round "9"]
[White "Peredy, Ferenc"]
[Black "Buric, Danijel"]
[Result "1/2-1/2"]
[WhiteElo "2365"]
[BlackElo "2260"]
[PlyCount "56"]
[EventDate "1996.??.??"]
[EventType "swiss"]
[EventRounds "9"]
[EventCountry "HUN"]
[SourceTitle "EXT 2004"]
[Source "ChessBase"]
[SourceDate "2003.11.25"]
[SourceVersion "1"]
[SourceVersionDate "2003.11.25"]
[SourceQuality "1"]

1. d4 Nc6 2. Nf3 d6 3. e4 Nf6 4. Nc3 Bg4 5. Be3 e6 6. Be2 Be7 7. h3 Bh5 8. 0-0 d5 9. e5 Nd7 10. Qd2 0-0 11. Nd1 Nb6 12. b3 f6 13. exf6 Bxf6 14. c3 e5 15. Nxe5 Bxe2 16. Qxe2 Bxe5 17. dxe5 d4 18. cxd4 Nxd4 19. Bxd4 Qxd4 20. Rc1 c6 21. Qe3 Qh4 22. Nc3 Rf5 23. Rce1 Re8 24. f4 g5 25. fxg5 Rfxe5 26. Qf2 Qxf2+ 27. Kxf2 Rf8+ 28. Kg1 Rxg5 1/2-1/2